000 00397nam a2200169Ia 4500
999 _c55486
_d55486
003 0100
005 20180302141900.0
008 130303s9999 xx 000 0 und d
040 _cARRUPELIB
050 _aGN490.W5 1963
100 _aWilson, Monica
_931062
245 _aGood company
245 _bA Study of Nyakyusa age-villages
260 _aBoston, Massachusetts
260 _bBeacon PR
_c1963
300 _a278p
942 _2lcc
_cMONOGRAPH